Geographical Treasure Hunt #2 - Statistics

General Stats
  • This quiz has been taken 162 times
  • The average score is 9 of 16
Answer Stats
Hint Answer % Correct
******* DLNNOO London
83%
******* AAAKNR Ankara
80%
******* AAACCRS Caracas
78%
******* AEIMNTV Vietnam
77%
******* BDINRUU Burundi
69%
******* BIIILST Tbilisi
66%
******* AEILNOSV Slovenia
64%
******* AAINRT Tirana
62%
******* ADHNORSU Honduras
60%
******* AABCENRR Canberra
58%
******* AACIORT Croatia
49%
******* ACDEORU Ecuador
48%
******* AAAEGLMTU Guatemala
40%
******* ADEIINNOS Indonesia
40%
******* ACEEGHNNOP Copenhagen
34%
******* ABIINOR Nairobi
31%
No matching quizzes found
Score Distribution
Percent of People with Each Score
Percentile by Number Answered
Your Score History
You have not taken this quiz